[Event "English Open Championship"]
[Site "Kenilworth"]
[Date "2023.05.27"]
[Round "3.1"]
[White "Hebden, Mark L"]
[Black "Adams, Michael"]
[Result "1/2-1/2"]
[WhiteElo "2434"]
[BlackElo "2680"]
[PlyCount "141"]
[EventDate "2023.05.26"]
[EventType "swiss"]
[EventRounds "7"]
[EventCountry "ENG"]
[SourceTitle "BritBase"]
[Source "John Saunders"]
[SourceDate "2023.05.30"]
[SourceVersion "1"]
[SourceVersionDate "2023.05.30"]
[SourceQuality "1"]

1. d4 Nf6 2. Nf3 e6 3. c4 d5 4. Nc3 a6 5. cxd5 exd5 6. Bg5 Be6 7. e3 Nbd7 8.
Bd3 Bd6 9. h3 c6 10. Rc1 h6 11. Bf4 Qc7 12. Bxd6 Qxd6 13. a3 O-O 14. O-O Rfe8
15. Na4 a5 16. Nc5 Nxc5 17. Rxc5 b6 18. Rc1 c5 19. Bb5 Bd7 20. Qa4 Rec8 21.
Bxd7 Nxd7 22. Rfd1 c4 23. e4 dxe4 24. Nd2 Qxd4 25. Nxc4 Nc5 26. Rxd4 Nxa4 27.
Re1 b5 28. Nd6 Rd8 29. Nxb5 Rxd4 30. Nxd4 Nxb2 31. Rxe4 Rc8 32. Nf5 Rc3 33. Re3
Rc1+ 34. Kh2 h5 35. Nd6 Rc2 36. Re8+ Kh7 37. Nxf7 Rxf2 38. Rh8+ Kg6 39. Ne5+
Kg5 40. Nf3+ Kg6 41. Rc8 Nd1 42. Rc6+ Kf7 43. Ng5+ Ke7 44. Rc7+ Kd6 45. Rc1 Rf1
46. Ne4+ Ke7 47. Ng3 Re1 48. Nxh5 g5 49. Ng3 Kf6 50. Rc6+ Kf7 51. Rc5 a4 52.
Rxg5 Re3 53. Rd5 Nb2 54. Rd2 Rb3 55. Ne4 Nd3 56. Nd6+ Ke6 57. Nc4 Kf5 58. Nb6
Nb2 59. Nd7 Nd3 60. Nb6 Nb2 61. Nd5 Ke5 62. Nc3 Rxa3 63. Rxb2 Rxc3 64. Rb5+ Kf6
65. Ra5 a3 66. h4 Kg6 67. Ra6+ Kf5 68. Ra4 Re3 69. g3 Re4 70. Rxa3 Kg4 71. Ra2
1/2-1/2

[Event "English Open Championship"]
[Site "Kenilworth"]
[Date "2023.05.27"]
[Round "3.2"]
[White "Ghasi, Ameet K"]
[Black "Pert, Richard G"]
[Result "1/2-1/2"]
[WhiteElo "2496"]
[BlackElo "2412"]
[PlyCount "50"]
[EventDate "2023.05.26"]
[EventType "swiss"]
[EventRounds "7"]
[EventCountry "ENG"]
[SourceTitle "BritBase"]
[Source "John Saunders"]
[SourceDate "2023.05.30"]
[SourceVersion "1"]
[SourceVersionDate "2023.05.30"]
[SourceQuality "1"]

1. Nf3 d5 2. g3 Nc6 3. Bg2 e5 4. d3 Nf6 5. O-O Be7 6. Nc3 d4 7. Nb1 O-O 8. c3
Re8 9. a3 Bf8 10. b4 dxc3 11. Nxc3 a5 12. b5 Nd4 13. Nd2 Bd7 14. Bxb7 Rb8 15.
Bg2 Nxb5 16. Nxb5 Bxb5 17. Rb1 Qd7 18. Bb2 Bc6 19. Bxc6 Qxc6 20. Nc4 e4 21.
Nxa5 Qe6 22. Nc4 Ng4 23. h3 Nh6 24. Kh2 Rb5 25. Rh1 Rf5 1/2-1/2

[Event "English Open Championship"]
[Site "Kenilworth"]
[Date "2023.05.27"]
[Round "3.3"]
[White "Wadsworth, Matthew J"]
[Black "Harvey, Marcus R"]
[Result "0-1"]
[WhiteElo "2428"]
[BlackElo "2462"]
[PlyCount "120"]
[EventDate "2023.05.26"]
[EventType "swiss"]
[EventRounds "7"]
[EventCountry "ENG"]
[SourceTitle "BritBase"]
[Source "John Saunders"]
[SourceDate "2023.05.30"]
[SourceVersion "1"]
[SourceVersionDate "2023.05.30"]
[SourceQuality "1"]

1. d4 d5 2. c4 dxc4 3. Nf3 Nf6 4. e3 a6 5. Bxc4 e6 6. O-O c5 7. dxc5 Bxc5 8.
Qxd8+ Kxd8 9. Be2 Ke7 10. Nc3 Nc6 11. e4 Nd4 12. Bd1 Nxf3+ 13. Bxf3 Bd4 14. e5
Bxe5 15. Re1 Bd4 16. Bg5 Rd8 17. Rad1 Bxc3 18. bxc3 Rxd1 19. Rxd1 Bd7 20. Bxb7
Ra7 21. Bf3 Rc7 22. Rc1 Bb5 23. a4 Bxa4 24. Be2 Bb5 25. c4 Bc6 26. Ra1 Ra7 27.
Ra5 Ra8 28. f3 Kd7 29. Kf2 Kc7 30. Be3 Nd7 31. g4 Bb7 32. c5 Nb8 33. Bf4+ Kc8
34. Bd2 Nc6 35. Ra2 Nd4 36. Bc3 Nxe2 37. Rxe2 a5 38. Bxg7 a4 39. f4 a3 40. f5
Bd5 41. fxe6 Bxe6 42. h3 a2 43. Ba1 Ra5 44. Rc2 Rb5 45. Kg3 Rb1 46. Bf6 a1=Q
47. Bxa1 Rxa1 48. Kh4 Ra3 49. Rf2 Kd7 50. Rf6 h5 51. gxh5 Rxh3+ 52. Kg5 Ke7 53.
Rf2 f6+ 54. Kh6 Bf7 55. Kg7 Rxh5 56. c6 Rg5+ 57. Kh6 Kf8 58. Rh2 Kg8 59. Rh4
Rg6+ 60. Kh5 Rg7+ 0-1

[Event "English Open Championship"]
[Site "Kenilworth"]
[Date "2023.05.27"]
[Round "3.4"]
[White "Emms, John M"]
[Black "Eggleston, David J"]
[Result "1/2-1/2"]
[WhiteElo "2468"]
[BlackElo "2353"]
[PlyCount "52"]
[EventDate "2023.05.26"]
[EventType "swiss"]
[EventRounds "7"]
[EventCountry "ENG"]
[SourceTitle "BritBase"]
[Source "John Saunders"]
[SourceDate "2023.05.30"]
[SourceVersion "1"]
[SourceVersionDate "2023.05.30"]
[SourceQuality "1"]

1. d4 e6 2. c4 Nf6 3. Nc3 Bb4 4. e3 O-O 5. Bd3 d5 6. a3 Bxc3+ 7. bxc3 dxc4 8.
Bxc4 c5 9. Ne2 Qc7 10. Bd3 b6 11. O-O Ba6 12. e4 Bxd3 13. Qxd3 Nc6 14. Bf4 Qd7
15. Rad1 cxd4 16. cxd4 Na5 17. Bg5 Ne8 18. Bd2 Nc6 19. d5 exd5 20. exd5 Ne7 21.
Bb4 Nd6 22. Nd4 Rfd8 23. Nc6 Re8 24. Ne5 Qd8 25. Nc6 Qd7 26. Ne5 Qd8 1/2-1/2

[Event "English Open Championship"]
[Site "Kenilworth"]
[Date "2023.05.27"]
[Round "3.5"]
[White "Willow, Jonah B"]
[Black "Sedykh, Mikhail"]
[Result "1-0"]
[WhiteElo "2450"]
[BlackElo "2092"]
[PlyCount "67"]
[EventDate "2023.05.26"]
[EventType "swiss"]
[EventRounds "7"]
[EventCountry "ENG"]
[SourceTitle "BritBase"]
[Source "John Saunders"]
[SourceDate "2023.05.30"]
[SourceVersion "1"]
[SourceVersionDate "2023.05.30"]
[SourceQuality "1"]

1. e4 e6 2. d4 d5 3. Nc3 dxe4 4. Nxe4 Nd7 5. Nf3 Ngf6 6. Nxf6+ Nxf6 7. Bd3 c5
8. Be3 Be7 9. dxc5 Qc7 10. Qe2 O-O 11. O-O-O Nd5 12. h4 Nf4 13. Bxf4 Qxf4+ 14.
Kb1 Bxc5 15. g3 Qb4 16. Ng5 h6 17. c3 Qb6 18. Bh7+ Kh8 19. Bc2 Be7 20. f4 Qc5
21. g4 Kg8 22. Qd3 f5 23. gxf5 exf5 24. Bb3+ Kh8 25. Nf7+ Kh7 26. Qg3 Qc6 27.
Ne5 Qf6 28. h5 g5 29. hxg6+ Kg7 30. Rxh6 Be6 31. Rh7+ Kg8 32. g7 Kxh7 33. Rh1+
Kg8 34. Rh8# 1-0

[Event "English Open Championship"]
[Site "Kenilworth"]
[Date "2023.05.27"]
[Round "3.6"]
[White "Bradbury, Neil H"]
[Black "Gormally, Daniel W"]
[Result "0-1"]
[WhiteElo "2215"]
[BlackElo "2434"]
[PlyCount "122"]
[EventDate "2023.05.26"]
[EventType "swiss"]
[EventRounds "7"]
[EventCountry "ENG"]
[SourceTitle "BritBase"]
[Source "John Saunders"]
[SourceDate "2023.05.30"]
[SourceVersion "1"]
[SourceVersionDate "2023.05.30"]
[SourceQuality "1"]

1. d4 Nf6 2. c4 g6 3. Nf3 Bg7 4. Nc3 O-O 5. g3 d6 6. Bg2 c6 7. O-O Qa5 8. d5
cxd5 9. cxd5 b5 10. Nd4 b4 11. Nb3 Qc7 12. Nb5 Qb6 13. a4 bxa3 14. Nxa3 Ba6 15.
Be3 Qb4 16. Bd2 Qg4 17. Re1 Nbd7 18. Nc2 Bc4 19. Na5 Bxd5 20. Ne3 Qe6 21. Nxd5
Nxd5 22. Qb3 N7b6 23. Nc6 Rfe8 24. Nxa7 Qd7 25. Nb5 e6 26. Rxa8 Rxa8 27. Nc3
Bxc3 28. bxc3 Qa4 29. Qxa4 Rxa4 30. e4 Nf6 31. Rb1 Nbd7 32. Bh6 Ng4 33. Rb7
Nxh6 34. Rxd7 Ng4 35. h3 Ra1+ 36. Bf1 Nf6 37. Rxd6 Nxe4 38. Rd3 Kg7 39. c4 Ra2
40. f4 Rc2 41. Re3 Nd2 42. Re2 Kf6 43. c5 Ke7 44. Bg2 Rc1+ 45. Kf2 Nb3 46. c6
Nd4 47. Rb2 Rc2+ 48. Rxc2 Nxc2 49. Be4 Nb4 50. Ke3 Kd6 51. Kd4 f6 52. c7 Kxc7
53. Kc5 Na6+ 54. Kb5 Nb8 55. h4 f5 56. Bf3 Nd7 57. h5 Kd6 58. hxg6 hxg6 59. Kc4
e5 60. Bd1 exf4 61. gxf4 Nf6 0-1

[Event "English Open Championship"]
[Site "Kenilworth"]
[Date "2023.05.27"]
[Round "3.7"]
[White "Jackson, James P"]
[Black "Finn, Peter"]
[Result "1/2-1/2"]
[WhiteElo "2393"]
[BlackElo "2127"]
[PlyCount "106"]
[EventDate "2023.05.26"]
[EventType "swiss"]
[EventRounds "7"]
[EventCountry "ENG"]
[SourceTitle "BritBase"]
[Source "John Saunders"]
[SourceDate "2023.05.30"]
[SourceVersion "1"]
[SourceVersionDate "2023.05.30"]
[SourceQuality "1"]

1. e4 c5 2. Nf3 Nc6 3. Bb5 g6 4. Bxc6 dxc6 5. h3 Bg7 6. O-O Qc7 7. d3 h6 8. Nc3
g5 9. Qe1 g4 10. hxg4 Bxg4 11. Nh2 h5 12. Be3 b6 13. a4 a5 14. f4 e5 15. f5 Bh6
16. Nb1 Nf6 17. Nd2 Nd7 18. Bxh6 Rxh6 19. Qh4 Qd8 20. Qxd8+ Kxd8 21. Nxg4 hxg4
22. Kf2 b5 23. Rh1 Rxh1 24. Rxh1 Ke7 25. Kg3 Nf6 26. b3 Rd8 27. Ra1 Ra8 28. Nf1
c4 29. bxc4 bxc4 30. Ne3 cxd3 31. cxd3 Rd8 32. Ra3 Rd4 33. Nxg4 Nd7 34. Kf3 Kd6
35. Ne3 Nb6 36. Ke2 c5 37. g4 f6 38. Nc2 Rxa4 39. Rxa4 Nxa4 40. Ne3 Nb6 41. Kd2
Ke7 42. Kc3 Kf7 43. Kb3 Kg7 44. Ka3 Kh6 45. Kb3 Kg5 46. Nd5 Nd7 47. Ka4 c4 48.
dxc4 Nc5+ 49. Kb5 Nxe4 50. c5 Nxc5 51. Kxc5 Kxg4 52. Nxf6+ Kxf5 53. Nd5 e4
1/2-1/2

[Event "English Open Championship"]
[Site "Kenilworth"]
[Date "2023.05.27"]
[Round "3.8"]
[White "Derakhshani, Borna"]
[Black "Burrows, Martin P"]
[Result "1-0"]
[WhiteElo "2359"]
[BlackElo "2131"]
[PlyCount "67"]
[EventDate "2023.05.26"]
[EventType "swiss"]
[EventRounds "7"]
[EventCountry "ENG"]
[SourceTitle "BritBase"]
[Source "John Saunders"]
[SourceDate "2023.05.30"]
[SourceVersion "1"]
[SourceVersionDate "2023.05.30"]
[SourceQuality "1"]

1. Nf3 Nf6 2. c4 g6 3. b3 Bg7 4. Bb2 O-O 5. g3 d6 6. d4 c5 7. Bg2 Nc6 8. d5 Na5
9. O-O b5 10. cxb5 Bb7 11. Ne1 a6 12. bxa6 Rxa6 13. Nc3 Qa8 14. Rb1 e6 15. e4
exd5 16. exd5 Bc8 17. Nc2 Bf5 18. Rc1 c4 19. b4 Nb7 20. a4 Bd3 21. Re1 Rxa4 22.
Nxa4 Qxa4 23. Bc3 Nd7 24. Nd4 Qa7 25. Nc6 Qb6 26. Bxg7 Kxg7 27. Bf1 Qb5 28.
Bxd3 cxd3 29. Rc3 Qxd5 30. Qxd3 Qg5 31. h4 Qg4 32. Qd4+ Qxd4 33. Nxd4 Ne5 34.
f4 1-0

[Event "English Open Championship"]
[Site "Kenilworth"]
[Date "2023.05.27"]
[Round "3.9"]
[White "Boswell, Jacob Connor"]
[Black "Wells, Peter K"]
[Result "1/2-1/2"]
[WhiteElo "2119"]
[BlackElo "2356"]
[PlyCount "66"]
[EventDate "2023.05.26"]
[EventType "swiss"]
[EventRounds "7"]
[EventCountry "ENG"]
[SourceTitle "BritBase"]
[Source "John Saunders"]
[SourceDate "2023.05.30"]
[SourceVersion "1"]
[SourceVersionDate "2023.05.30"]
[SourceQuality "1"]

1. d4 Nf6 2. c4 e6 3. g3 d5 4. Bg2 Bb4+ 5. Nd2 a5 6. Ngf3 dxc4 7. O-O b5 8. a3
Be7 9. a4 c6 10. e4 Na6 11. d5 cxd5 12. axb5 Nb4 13. exd5 exd5 14. Ne5 Be6 15.
Ndf3 O-O 16. Nd4 Bc5 17. Be3 Qb6 18. Nxe6 fxe6 19. Bg5 Qxb5 20. Qe2 Rab8 21.
Ng4 Nxg4 22. Qxe6+ Kh8 23. Qxg4 Nd3 24. Be3 Nxf2 25. Bxf2 Rxf2 26. Rxf2 Bxf2+
27. Kh1 Qxb2 28. Rf1 Rf8 29. Bxd5 c3 30. Qc4 c2 31. Be4 Bc5 32. Rxf8+ Bxf8 33.
Bxc2 Qb7+ 1/2-1/2

[Event "English Open Championship"]
[Site "Kenilworth"]
[Date "2023.05.27"]
[Round "3.10"]
[White "Okhai, Shabir"]
[Black "De Coverly, Roger D"]
[Result "1-0"]
[WhiteElo "2144"]
[BlackElo "1945"]
[PlyCount "65"]
[EventDate "2023.05.26"]
[EventType "swiss"]
[EventRounds "7"]
[EventCountry "ENG"]
[SourceTitle "BritBase"]
[Source "John Saunders"]
[SourceDate "2023.05.30"]
[SourceVersion "1"]
[SourceVersionDate "2023.05.30"]
[SourceQuality "1"]

1. e4 e5 2. Nf3 Nc6 3. Bc4 Nf6 4. d3 Be7 5. O-O O-O 6. Re1 d6 7. a4 Na5 8. Ba2
c5 9. c3 Nc6 10. Na3 a6 11. Bd2 Rb8 12. Nc4 b5 13. axb5 axb5 14. Ne3 h6 15. h3
Re8 16. Nh2 Bf8 17. Nhg4 Be6 18. Qf3 Bxa2 19. Nxf6+ Qxf6 20. Qxf6 gxf6 21. Rxa2
Kh7 22. Ra6 Rec8 23. Nd5 Bg7 24. Rea1 h5 25. Kh2 Rb7 26. f4 Kg6 27. f5+ Kh7 28.
Be1 c4 29. dxc4 bxc4 30. R1a2 Nb8 31. Rxd6 Nd7 32. Bf2 Bf8 33. Rxd7 1-0

[Event "English Open Championship"]
[Site "Kenilworth"]
[Date "2023.05.27"]
[Round "3.11"]
[White "Southcott-Moyers, Indy"]
[Black "Yao, Lan"]
[Result "0-1"]
[WhiteElo "2040"]
[BlackElo "2278"]
[PlyCount "190"]
[EventDate "2023.05.26"]
[EventType "swiss"]
[EventRounds "7"]
[EventCountry "ENG"]
[SourceTitle "BritBase"]
[Source "John Saunders"]
[SourceDate "2023.05.30"]
[SourceVersion "1"]
[SourceVersionDate "2023.05.30"]
[SourceQuality "1"]

1. d4 Nf6 2. c4 e6 3. Nf3 d5 4. Nc3 Bb4 5. cxd5 exd5 6. Bg5 h6 7. Bxf6 Qxf6 8.
Qb3 c5 9. e3 O-O 10. Be2 Nc6 11. O-O c4 12. Qd1 Rd8 13. a3 Bf8 14. b3 Be6 15.
bxc4 dxc4 16. Qc2 Rac8 17. Rfd1 Na5 18. d5 Bf5 19. e4 Bg6 20. Ra2 Bd6 21. Nb5
Bb8 22. Qa4 b6 23. e5 Bxe5 24. Nxe5 Qxe5 25. Nxa7 Rc5 26. Bf1 c3 27. Re2 Qb8
28. Re7 c2 29. Rc1 Rcxd5 30. Rxc2 Bxc2 31. Qxc2 Qf4 32. g3 Qf6 33. Qe4 Rd2 34.
Qe3 g6 35. Re4 Kg7 36. Nb5 Rd1 37. Nc3 R1d6 38. Rf4 Qe6 39. Re4 Qb3 40. Rh4 h5
41. Qe5+ f6 42. Qe7+ Qf7 43. Qe3 Re6 44. Qf3 Re5 45. Rb4 Qe6 46. Ne2 Qc6 47.
Qxc6 Nxc6 48. Rxb6 Nd4 49. Nxd4 Rxd4 50. Rb2 Ra5 51. Rb3 Rda4 52. Rb7+ Kh6 53.
Rb6 f5 54. Kg2 Rxa3 55. Bc4 R5a4 56. Bb3 Ra6 57. Rb8 Kg7 58. Bc4 Rd6 59. Rb7+
Kh6 60. h4 g5 61. hxg5+ Kxg5 62. Rg7+ Kf6 63. Rf7+ Kg6 64. Rc7 Kg5 65. Rg7+ Rg6
66. Rd7 h4 67. gxh4+ Kxh4+ 68. Kf1 Kg5 69. Rd5 Kf4 70. Rd4+ Ke5 71. Rd2 Rc3 72.
Ba2 Rd6 73. Rb2 Kf4 74. Bf7 Rd4 75. Kg2 Rc7 76. Be8 Rg7+ 77. Kf1 Re7 78. Bh5
Rc4 79. Rb3 Rc1+ 80. Kg2 Ree1 81. Rb4+ Kg5 82. Bf7 Rg1+ 83. Kf3 Rc3+ 84. Ke2
Rc2+ 85. Kf3 Rf1 86. Rb5 Rfxf2+ 87. Ke3 Kg4 88. Bg6 f4+ 89. Kd4 Rcd2+ 90. Ke5
f3 91. Rb4+ Kg3 92. Kf5 Rfe2 93. Bh5 Rd5+ 94. Kg6 Re6+ 95. Kf7 Rxh5 0-1

[Event "English Open Championship"]
[Site "Kenilworth"]
[Date "2023.05.27"]
[Round "3.12"]
[White "Ashton, Adam G"]
[Black "Dilley, Jason M"]
[Result "1-0"]
[WhiteElo "2344"]
[BlackElo "2059"]
[PlyCount "61"]
[EventDate "2023.05.26"]
[EventType "swiss"]
[EventRounds "7"]
[EventCountry "ENG"]
[SourceTitle "BritBase"]
[Source "John Saunders"]
[SourceDate "2023.05.30"]
[SourceVersion "1"]
[SourceVersionDate "2023.05.30"]
[SourceQuality "1"]

1. e4 g6 2. d4 Bg7 3. Nc3 d6 4. Be3 c6 5. Qd2 b5 6. Bd3 a6 7. a4 Bb7 8. Nf3 Qc7
9. O-O Nd7 10. Rfe1 b4 11. Ne2 c5 12. Ng3 c4 13. Bf1 a5 14. c3 b3 15. d5 h5 16.
Nd4 h4 17. Nge2 Nc5 18. Nb5 Qc8 19. Bf4 Be5 20. Ned4 Nf6 21. f3 h3 22. g3 Ncd7
23. Be3 Nc5 24. Bf2 Kf8 25. Qe3 e6 26. dxe6 Nxe6 27. Nxe6+ fxe6 28. f4 Qc6 29.
fxe5 dxe5 30. Qc5+ Kg7 31. Qe7+ 1-0

[Event "English Open Championship"]
[Site "Kenilworth"]
[Date "2023.05.27"]
[Round "3.13"]
[White "Badacsonyi, Stanley"]
[Black "Merriman, John"]
[Result "1/2-1/2"]
[WhiteElo "1914"]
[BlackElo "2297"]
[PlyCount "50"]
[EventDate "2023.05.26"]
[EventType "swiss"]
[EventRounds "7"]
[EventCountry "ENG"]
[SourceTitle "BritBase"]
[Source "John Saunders"]
[SourceDate "2023.05.30"]
[SourceVersion "1"]
[SourceVersionDate "2023.05.30"]
[SourceQuality "1"]

1. d4 e6 2. Nc3 Nf6 3. e4 d5 4. Bg5 Bb4 5. Bxf6 Qxf6 6. exd5 exd5 7. Nf3 O-O 8.
Be2 c6 9. O-O Bf5 10. Ne5 Nd7 11. f4 Nb6 12. Bd3 Rfe8 13. Ne2 Bxd3 14. Qxd3 Qe7
15. c3 Bd6 16. Ng3 g6 17. Rae1 Qc7 18. h4 f6 19. Nxg6 Rxe1 20. Rxe1 Qf7 21. Nf5
Qxg6 22. h5 Qxh5 23. Qg3+ Qg6 24. Qxg6+ hxg6 25. Nxd6 Na4 1/2-1/2

[Event "English Open Championship"]
[Site "Kenilworth"]
[Date "2023.05.27"]
[Round "3.14"]
[White "Paul, Nathanael"]
[Black "Khandelwal, Ankush"]
[Result "0-1"]
[WhiteElo "2004"]
[BlackElo "2205"]
[PlyCount "48"]
[EventDate "2023.05.26"]
[EventType "swiss"]
[EventRounds "7"]
[EventCountry "ENG"]
[SourceTitle "BritBase"]
[Source "John Saunders"]
[SourceDate "2023.05.30"]
[SourceVersion "1"]
[SourceVersionDate "2023.05.30"]
[SourceQuality "1"]

1. d4 Nf6 2. Nc3 d5 3. Bf4 g6 4. e3 Bg7 5. h4 h5 6. Nf3 O-O 7. Ne5 c5 8. Be2
cxd4 9. exd4 Nc6 10. Qd2 Bf5 11. f3 Rc8 12. a3 Nd7 13. g4 Ndxe5 14. gxf5 Nxd4
15. O-O-O Nc4 16. Bxc4 Rxc4 17. Qd3 Nxf5 18. Nxd5 Rd4 19. Qb3 e6 20. Ne3 Rxd1+
21. Nxd1 Nd4 22. Qe3 Qd5 23. Rf1 Nxc2 24. Qd2 Qc4 0-1

[Event "English Open Championship"]
[Site "Kenilworth"]
[Date "2023.05.27"]
[Round "3.15"]
[White "Verma, Shlok"]
[Black "Haydon, David L"]
[Result "0-1"]
[WhiteElo "1972"]
[BlackElo "2253"]
[PlyCount "88"]
[EventDate "2023.05.26"]
[EventType "swiss"]
[EventRounds "7"]
[EventCountry "ENG"]
[SourceTitle "BritBase"]
[Source "John Saunders"]
[SourceDate "2023.05.30"]
[SourceVersion "1"]
[SourceVersionDate "2023.05.30"]
[SourceQuality "1"]

1. d4 Nf6 2. c4 e6 3. Nf3 b6 4. g3 Bb7 5. Bg2 Bb4+ 6. Bd2 Qe7 7. O-O Bxd2 8.
Nbxd2 O-O 9. Re1 d5 10. Rc1 c5 11. e3 Nbd7 12. b3 Rfd8 13. Qc2 Rac8 14. Qb2
dxc4 15. bxc4 Nb8 16. Nb3 Na6 17. Red1 cxd4 18. exd4 h6 19. Re1 Be4 20. Ne5
Bxg2 21. Kxg2 Qb7+ 22. Kg1 Nb4 23. Qe2 Nc6 24. Qf3 Rc7 25. Nxc6 Rxc6 26. Red1
Rdc8 27. c5 Nd5 28. Qe2 R6c7 29. Qd2 Qa6 30. cxb6 axb6 31. Rxc7 Rxc7 32. Rc1
Rc4 33. Rxc4 Qxc4 34. Qc1 Nc3 35. Qd2 b5 36. h4 b4 37. Kh2 Ne4 38. Qf4 Qc2 39.
Kg2 Qxa2 40. Nc1 Qc2 41. Qe3 Nxf2 42. Ne2 Nd1 43. Qf3 b3 44. Qa8+ Kh7 0-1

[Event "English Open Championship"]
[Site "Kenilworth"]
[Date "2023.05.27"]
[Round "3.16"]
[White "Mikalajunas, Kajus"]
[Black "Ismail, Mohammed Aayan"]
[Result "0-1"]
[WhiteElo "1828"]
[BlackElo "2209"]
[PlyCount "116"]
[EventDate "2023.05.26"]
[EventType "swiss"]
[EventRounds "7"]
[EventCountry "ENG"]
[SourceTitle "BritBase"]
[Source "John Saunders"]
[SourceDate "2023.05.30"]
[SourceVersion "1"]
[SourceVersionDate "2023.05.30"]
[SourceQuality "1"]

1. e4 c6 2. Nf3 d5 3. Nc3 dxe4 4. Nxe4 Nf6 5. Qe2 Nxe4 6. Qxe4 Qd5 7. Qh4 Qe6+
8. Be2 Qg4 9. Qg3 Qxg3 10. hxg3 g6 11. d4 Bg7 12. Bh6 Kf8 13. O-O-O Bg4 14.
Rde1 Nd7 15. Ng5 Bxh6 16. Rxh6 Bxe2 17. Rxe2 Nf6 18. Rh4 Rd8 19. c3 h6 20. Nf3
e6 21. Ne5 g5 22. Rh1 Kg7 23. f4 Nd5 24. Rf1 gxf4 25. gxf4 Ne7 26. g4 h5 27. f5
exf5 28. gxf5 f6 29. Rg1+ Kf8 30. Nd3 Kf7 31. Nc5 Nxf5 32. Nxb7 Rdg8 33. Rd1
Ng3 34. Nd6+ Kg6 35. Rg1 h4 36. Re6 Kh5 37. Rg2 f5 38. Nf7 Rh7 39. Ne5 h3 40.
Rh2 Kh4 41. Nf3+ Kg4 42. Ne5+ Kg5 43. Nf3+ Kf4 44. Ne1 Ne4 45. Rh1 h2 46. Rf1+
Kg4 47. Nd3 Kg3 48. Rxc6 h1=Q 49. Rxh1 Rxh1+ 50. Kc2 f4 51. Re6 Nf2 52. Nxf4
Kxf4 53. Re7 Ne4 54. Kd3 Rh3+ 55. Kc4 Rc8+ 56. Kd5 Rh5+ 57. Ke6 Rc6+ 58. Kd7
Rb6 0-1

[Event "English Open Championship"]
[Site "Kenilworth"]
[Date "2023.05.27"]
[Round "3.17"]
[White "Jones, Steven A"]
[Black "Seymour, Timothy P"]
[Result "0-1"]
[WhiteElo "2174"]
[BlackElo "2094"]
[PlyCount "120"]
[EventDate "2023.05.26"]
[EventType "swiss"]
[EventRounds "7"]
[EventCountry "ENG"]
[SourceTitle "BritBase"]
[Source "John Saunders"]
[SourceDate "2023.05.30"]
[SourceVersion "1"]
[SourceVersionDate "2023.05.30"]
[SourceQuality "1"]

1. e4 e5 2. Nf3 Nc6 3. Bc4 Bc5 4. c3 Nf6 5. d4 exd4 6. e5 d5 7. Bb5 Ne4 8. cxd4
Bb6 9. Nc3 O-O 10. Be3 Bg4 11. h3 Bh5 12. Qc2 Ba5 13. O-O Bxf3 14. gxf3 Ng5 15.
Kg2 Bxc3 16. Qxc3 Ne6 17. Bxc6 bxc6 18. Qxc6 Rb8 19. b3 Rb6 20. Qc2 f5 21. f4
Qh4 22. Qd3 g5 23. fxg5 f4 24. Bd2 Nxg5 25. Rg1 Rg6 26. Kh2 Qxf2+ 27. Kh1 Ne4
28. Rxg6+ hxg6 29. Be1 Qxe1+ 30. Rxe1 Nf2+ 31. Kg1 Nxd3 32. Rd1 Nb4 33. Rc1
Nxa2 34. Rxc7 Rf7 35. Rc5 Nb4 36. Rb5 a5 37. Rxa5 Rb7 38. Kg2 Kf7 39. Kf3 g5
40. Kg4 Nc2 41. h4 gxh4 42. Kxf4 h3 43. Kg3 Rxb3+ 44. Kh2 Ke6 45. Ra6+ Kf5 46.
Rd6 Ke4 47. e6 Kxd4 48. Rc6 Re3 49. Rxc2 Rxe6 50. Rd2+ Kc4 51. Kxh3 Rg6 52. Rd1
d4 53. Rc1+ Kb3 54. Rd1 Kc3 55. Rc1+ Kd2 56. Rc8 d3 57. Rc7 Ke2 58. Re7+ Kd1
59. Rd7 d2 60. Rd8 Rc6 0-1

[Event "English Open Championship"]
[Site "Kenilworth"]
[Date "2023.05.27"]
[Round "3.18"]
[White "Brown, Tom"]
[Black "Hobson, Kenneth"]
[Result "0-1"]
[WhiteElo "1959"]
[BlackElo "2104"]
[PlyCount "90"]
[EventDate "2023.05.26"]
[EventType "swiss"]
[EventRounds "7"]
[EventCountry "ENG"]
[SourceTitle "BritBase"]
[Source "John Saunders"]
[SourceDate "2023.05.30"]
[SourceVersion "1"]
[SourceVersionDate "2023.05.30"]
[SourceQuality "1"]

1. d4 Nf6 2. Nf3 e6 3. c4 d5 4. Nc3 Bb4 5. Qa4+ Nc6 6. e3 O-O 7. Qc2 Re8 8. a3
Bf8 9. Be2 a6 10. O-O h6 11. Rd1 Bd7 12. e4 dxc4 13. Bxc4 b5 14. Bd3 Rc8 15. h3
Qe7 16. Be3 e5 17. d5 Nd8 18. a4 c6 19. dxc6 Bxc6 20. axb5 axb5 21. Nxb5 Bb7
22. Qb1 Nc6 23. Na7 Nxa7 24. Rxa7 Qb4 25. Qa2 Rcd8 26. Rd2 Nxe4 27. Ra4 Nxd2
28. Rxb4 Nxf3+ 29. gxf3 Bxb4 30. Be4 Bxe4 31. fxe4 Bf8 32. Kg2 Rb8 33. Bd2 Bb4
34. Be3 Rb5 35. Qc4 Reb8 36. Qe2 Bf8 37. Qh5 g6 38. Qh4 Rxb2 39. Bxh6 Bc5 40.
Qg4 Rxf2+ 41. Kg3 Rb3+ 42. Kh4 Be7+ 43. Bg5 Rf4 44. Bxe7 Rxg4+ 45. Kxg4 Re3 0-1

[Event "English Open Championship"]
[Site "Kenilworth"]
[Date "2023.05.27"]
[Round "3.19"]
[White "Payne, Matthew J"]
[Black "Ansari, Athar"]
[Result "0-1"]
[WhiteElo "2153"]
[BlackElo "1886"]
[PlyCount "84"]
[EventDate "2023.05.26"]
[EventType "swiss"]
[EventRounds "7"]
[EventCountry "ENG"]
[SourceTitle "BritBase"]
[Source "John Saunders"]
[SourceDate "2023.05.30"]
[SourceVersion "1"]
[SourceVersionDate "2023.05.30"]
[SourceQuality "1"]

1. e4 d5 2. exd5 Qxd5 3. Nf3 Nf6 4. Be2 Bf5 5. d4 c6 6. c4 Qa5+ 7. Nc3 e6 8.
O-O Be7 9. Nh4 Bg6 10. Nxg6 hxg6 11. Qb3 Qc7 12. g3 Nbd7 13. c5 Nd5 14. Nxd5
exd5 15. Bf4 Qc8 16. Qe3 Nf8 17. Rfe1 Qh3 18. g4 Ne6 19. Bg3 Bh4 20. Rad1 Bxg3
21. Qxg3 Qxg3+ 22. hxg3 O-O-O 23. Bf3 Rhe8 24. Bg2 Nc7 25. g5 Rxe1+ 26. Rxe1
Re8 27. Bh3+ Kd8 28. Rxe8+ Kxe8 29. a4 Ke7 30. Bc8 b5 31. cxb6 axb6 32. b4 Kd8
33. Bh3 Na6 34. b5 cxb5 35. axb5 Nc7 36. Bf1 Ke7 37. f4 Ne6 38. Kf2 Nxd4 39. g4
Kd6 40. Bd3 Kc5 41. f5 gxf5 42. gxf5 f6 0-1